| 000 | 01257nam a22003254a 4500 | ||
|---|---|---|---|
| 001 | ebr10271743 | ||
| 003 | CaPaEBR | ||
| 006 | m u | ||
| 007 | cr cn||||||||| | ||
| 008 | 040427s2005 enka sb 001 0 eng | ||
| 010 | _z 2004050051 | ||
| 020 | _z0195177843 (alk. paper) | ||
| 020 | _z0195181956 (pbk.) | ||
| 040 |
_aCaPaEBR _cCaPaEBR |
||
| 035 | _a(OCoLC)65178178 | ||
| 050 | 1 | 4 |
_aQ175 _b.S23414 2005eb |
| 082 | 0 | 4 |
_a501 _222 |
| 100 | 1 | _aSalmon, Wesley C. | |
| 245 | 1 | 0 |
_aReality and rationality _h[electronic resource] / _cWesley C. Salmon ; edited by Phil Dowe and Merrilee H. Salmon. |
| 260 |
_aOxford ; _aNew York : _bOxford University Press, _c2005. |
||
| 300 |
_axi, 285 p. : _bill. |
||
| 504 | _aIncludes bibliographical references (p. 255-276) and index. | ||
| 533 |
_aElectronic reproduction. _bPalo Alto, Calif. : _cebrary, _d2013. _nAvailable via World Wide Web. _nAccess may be limited to ebrary affiliated libraries. |
||
| 650 | 0 |
_aScience _xPhilosophy. |
|
| 655 | 7 |
_aElectronic books. _2local |
|
| 700 | 1 | _aDowe, Phil. | |
| 700 | 1 | _aSalmon, Merrilee H. | |
| 710 | 2 | _aebrary, Inc. | |
| 856 | 4 | 0 |
_uhttp://site.ebrary.com/lib/rucke/Doc?id=10271743 _zAn electronic book accessible through the World Wide Web; click to view |
| 999 |
_c22426 _d22426 |
||